000 00719nam a2200241 i 4500
001 000045257
003 DO-SdBNP
005 20230607101921.0
008 150218s1976 dr 000 0 spa d
040 _aDO-SdBNP
_bspa
_cBNPHU
_erda
082 _axxxx
_bH557m
_222
100 _aHernández Rueda, Lupo,
_d1930-2017
_923790
245 1 0 _aManual de derecho dominicano de trabajo /
_cLupo Hernández Rueda.
250 _a2a ed.
264 _aSanto Domingo :
_bAmigo del Hogar,
_c1976
300 _a837 paginas ;
_c21 cm.
336 _2rdacontent
_atexto
_btxt
337 _2rdamedia
_asin mediación
_bn
338 _2rdacarrier
_avolumen
_bnc
590 _aInventariado, 2023 / DG
910 _aDG
942 _2ddc
_cLBS1
999 _c53738
_d53738